Folk tales of Arunachal Pradesh and Meghalaya / (Record no. 50728)
[ view plain ]
| 000 -LEADER | |
|---|---|
| fixed length control field | 00857nam a2200277 a 4500 |
| 001 - CONTROL NUMBER | |
| control field | 50728 |
| 003 - CONTROL NUMBER IDENTIFIER | |
| rucl marc code | BD-RJUL |
| 005 - DATE AND TIME OF LATEST TRANSACTION | |
| control field | 20211209075544.0 |
| 008 - FIXED-LENGTH DATA ELEMENTS--GENERAL INFORMATION | |
| fixed length control field | 160828s1975 ii 000 0 eng |
| 035 ## - SYSTEM CONTROL NUMBER | |
| System control number | (BD-RJUL)50848 |
| 040 ## - CATALOGING SOURCE | |
| Original cataloging agency | IRU |
| Transcribing agency | IRU |
| Modifying agency | EQO |
| Language of cataloging | eng |
| 041 ## - LANGUAGE CODE | |
| Language code of text/sound track or separate title | eng |
| 082 ## - DEWEY DECIMAL CLASSIFICATION NUMBER | |
| Edition number | 23 |
| Classification number | 398.20954163 |
| Author mark and year | BOF 1975 |
| 090 ## - LOCALLY ASSIGNED LC-TYPE CALL NUMBER (OCLC); LOCAL CALL NUMBER (OCLC) | |
| Classification number (OCLC) (R) ; Classification number, CALL (RLIN) (NR) | GR305.5.A7 |
| Local cutter number (OCLC) ; Book number/undivided call number, CALL (RLIN) | B6 |
| 100 10 - MAIN ENTRY--PERSONAL NAME | |
| Personal name | Borgohain, B. K. |
| 9 (RLIN) | 151861 |
| 245 10 - TITLE STATEMENT | |
| Title | Folk tales of Arunachal Pradesh and Meghalaya / |
| Statement of responsibility, etc. | by B. K. Borgohain |
| 250 ## - EDITION STATEMENT | |
| Edition statement | 1st ed |
| 260 ## - PUBLICATION, DISTRIBUTION, ETC. (IMPRINT) | |
| Place of publication, distribution, etc. | New Delhi : |
| Name of publisher, distributor, etc. | Sterling Publishers, |
| Date of publication, distribution, etc. | 1975 |
| 300 ## - PHYSICAL DESCRIPTION | |
| Pagination | 112 p. : |
| Illustrations | ill. ; |
| Size | 23 cm |
| 490 ## - SERIES STATEMENT | |
| Series statement | Folk tales of India series, 19. |
| 650 #0 - SUBJECT ADDED ENTRY--TOPICAL TERM | |
| Topical term or geographic name as entry element | Tales, Arunachali |
| 9 (RLIN) | 151884 |
| Topical term or geographic name as entry element | Tales, Meghalayan |
| 9 (RLIN) | 151885 |
| 830 #0 - SERIES ADDED ENTRY--UNIFORM TITLE | |
| Uniform title | Folk tales of India series ; |
| Volume number/sequential designation | v.19 |
| 942 ## - ADDED ENTRY ELEMENTS (KOHA) | |
| Source of classification or shelving scheme | Dewey Decimal Classification |
| Koha item type | Books |
| Lost status | Source of classification or shelving scheme | Damaged status | Not for loan | Collection code | Permanent Location | Current Location | Shelving location | Date acquired | Source of acquisition | Cost, normal purchase price | Total Checkouts | Full call number | Date last seen | Copy number | Koha item type |
|---|---|---|---|---|---|---|---|---|---|---|---|---|---|---|---|
| Dewey Decimal Classification | Non-fiction | Central Library, University of Rajshahi | Central Library, University of Rajshahi | 29/09/1978 | India Int. Calcutta | 12.50 | 398.20954163 BOF 1975 | 28/08/2016 | C-2 | Books |